| 000 | 00464nam a2200181Ia 4500 | ||
|---|---|---|---|
| 008 | 220726s9999||||xx |||||||||||||| ||und|| | ||
| 020 | _a9789354511387 | ||
| 082 | _a610 | ||
| 082 | _bCha/P | ||
| 100 | _aRayaji, Ashwini & Hondadakatti, Rekha | ||
| 245 | 0 | _aRH-Advanced Instrumentation Techniques: Final Year B. Pharm; Semeste- 8 | |
| 250 | _a1st Edition | ||
| 260 | _aPune | ||
| 260 | _bNirali Prakashan | ||
| 260 | _c2021 | ||
| 300 | _a5.1 | ||
| 942 | _cPB | ||
| 999 |
_c35046 _d35046 |
||